Análisis Compositivo Plástico de los Petrograbados de Ccochapata del Distrito de Vilque Puno (Record no. 23162)

000 -CABECERA
fixed length control field 01232nam a22002897i 4500
003 - IDENTIFICADOR DEL NÚMERO DE CONTROL
control field AR-CdUCM
008 - DATOS DE LONGITUD FIJA--INFORMACIÓN GENERAL
fixed length control field 250106b20232023 pe||||| |||| 00| 0 spa d
020 ## - NÚMERO INTERNACIONAL ESTÁNDAR DEL LIBRO
ISBN 978-612-008545-5
040 ## - FUENTE DE LA CATALOGACIÓN
Agencia/entidad que catalogó originalmente la obra MUNICIPALIDAD PROVINCIAL DEL CUSCO
Entidad que transcribió la catalogación BIBLIOTECA MUNICIPAL DEL CUSCO
082 ## - NÚMERO DE LA CLASIFICACIÓN DECIMAL DEWEY
No. de Clasificación 736.5 / R68
Notacion interna R68
100 ## - ENTRADA PRINCIPAL--NOMBRE DE PERSONA
Nombre Personal Rivera Gutiérrez, Juan Zacarias
245 ## - MENCIÓN DE TÍTULO
Título Análisis Compositivo Plástico de los Petrograbados de Ccochapata del Distrito de Vilque Puno
260 ## - PUBLICACIÓN, DISTRIBUCIÓN, ETC.
Lugar de publicación, distribución, etc. Puno :
Nombre de la editorial, distribuidor, etc. Editorial Sagitario
Fecha de publicación, distribución, etc. 2023
300 ## - DESCRIPCIÓN FÍSICA
Nº de Páginas Extensión 150 páginas. :
Dimensiones 21.5 cm.
500 ## - NOTA GENERAL
Bibliografía Bibliografía: página 141-145
505 ## - NOTA DE CONTENIDO CON FORMATO
Nota de contenido formateada Análisis de Petrograbados de Ccochapata distrito de Vilque -- Datos generales del distrito de Vilque -- Presencia e interpretación de los elementos morfológicos -- Síntesis icónica -- Comparación geométrica, antropomorfea y zoomorfa
650 ## - PUNTO DE ACCESO ADICIONAL DE MATERIA--TÉRMINO DE MATERIA
Descriptor Petrograbados
9 (RLIN) 50876
650 ## - PUNTO DE ACCESO ADICIONAL DE MATERIA--TÉRMINO DE MATERIA
Descriptor Distrito Vilque de Puno
9 (RLIN) 50914
650 ## - PUNTO DE ACCESO ADICIONAL DE MATERIA--TÉRMINO DE MATERIA
Descriptor Síntesis icónica
9 (RLIN) 50915
700 ## - PUNTO DE ACCESO ADICIONAL--NOMBRE DE PERSONA
Nombre Personal Apaza Mamani, Walter
9 (RLIN) 50916
710 ## - PUNTO DE ACCESO ADICIONAL--NOMBRE DE ENTIDAD CORPORATIVA
Nombre corporativo (En letras Mayúsculas) Condori Alvarez, Rosmeri
9 (RLIN) 50917
710 ## - PUNTO DE ACCESO ADICIONAL--NOMBRE DE ENTIDAD CORPORATIVA
Nombre corporativo (En letras Mayúsculas) Pari Sacho, Eder Blum
9 (RLIN) 50918
710 ## - PUNTO DE ACCESO ADICIONAL--NOMBRE DE ENTIDAD CORPORATIVA
Nombre corporativo (En letras Mayúsculas) Quispe Villalta, Yovany
9 (RLIN) 50919
942 ## - ELEMENTOS DE PUNTO DE ACCESO ADICIONAL (KOHA)
Fuente de clasificación
Tipo de item Libros-BMC
945 ## - PROCESAMIENTO DE INFORMACIÓN LOCAL (OCLC)
Catalogador pbj
AAAA-MM-DD - Fecha de ingreso o modificacion 06-01-2025
Holdings
Estado de retiro (separado) Fuente de clasificación o esquema de estanterías Estado dañado Ubicación Sala donde se ubica Nombre de la colección Fecha de adquisición o compra Fuente de adquisición Costo, precio normal en soles Signatura topográfica Código de Barras Última vez visto (Koha) Tipo de ítem (Koha)
No     Sala Artes Sala Artes Book Cart 2025-01-06 Donación 20.00 736.5 / R68 SA0000000772 2025-01-06 Libros-BMC

Powered by Koha